| 000 | 00531nam a2200181Ia 4500 | ||
|---|---|---|---|
| 008 | 230917s9999||||xx |||||||||||||| ||und|| | ||
| 020 | _cRS1095 | ||
| 040 |
_e254586 _aMAIN |
||
| 041 | _aEnglish | ||
| 082 | _a660.60243637 E15E(2) | ||
| 100 | _aEvans, Gareth M | ||
| 245 | 0 | _aEnvironmental biotechnology: Theory and application | |
| 250 | _a2nd ed. | ||
| 260 |
_aNew Delhi _bWiley India _c2018 |
||
| 300 | _axii, 275 p. | ||
| 500 | _a3431 14/02/2019 IBS19/271 27/02/2019 Biotechnology UGC SAP( Dr. A K Chhillar) | ||
| 942 | _cBK | ||
| 999 |
_c30624 _d30624 |
||